Movie Taglines IV Quiz Stats

 Plays Quiz Updated Oct 31, 2018

Score 0/20 Timer 07:00
2 Plays Today
Tagline Movie Title % Correct
What if this guy got you pregnant?Knocked Up
65.1%
A murdered wife. A one-armed man. An obsessed detective. The chase begins.The Fugitive
58.9%
She brought a small town to its feet and a huge corporation to its knees.Erin Brockovich
52.6%
The true story of a real fake.Catch Me If You Can
37.6%
Earth. Take a good look. It might be your last.Independence Day
33.9%
Whoever wins...we lose.Alien Vs. Predator
33%
Can two friends sleep together and still love each other in the morning?When Harry Met Sally
31.7%
Some memories are best forgotten.Memento
27.9%
If Nancy doesn't wake up screaming, she won't wake up at all.A Nightmare on Elm Street
25.8%
Trapped in time. Surrounded by evil. Low on gas.Army of Darkness
10.1%
Tagline Movie Title % Correct
He loved the American Dream. With a vengeance.Scarface
9.8%
Love is in the hair.There's Something About Mary
8.8%
Cocktails first. Questions later.Swingers
8.2%
A motion picture destined to offend nearly two thirds of the civilized world. And severely annoy the other third.Life of Brian
7.2%
He’s out to prove he’s got nothing to prove.Napoleon Dynamite
5.9%
See it with a Bud.Dazed and Confused
5.5%
A brutal murder. A brilliant killer. A cop who can't resist the danger. Basic Instinct
5%
Things fall down. People look up. And when it rains, it pours.Magnolia
4.8%
Everything is suspect...everyone is for sale...and nothing is what it seems.L.A. Confidential
4.8%
Man has made his match... Now it's his problem.Blade Runner
4.2%

You're not logged in!

Compare scores with friends on all Sporcle quizzes.
OR
Log In

Sporcle TV

Today on Sporcle TV


Watch our educational content, quiz creation guides, and fun videos on Sporcle TV.

Show Comments

Extras

Top Quizzes Today


Score Distribution

Your Account Isn't Verified!

In order to create a playlist on Sporcle, you need to verify the email address you used during registration. Go to your Sporcle Settings to finish the process.

Report this User

Report this user for behavior that violates our Community Guidelines.

Details: